| 000 | 00541nam a22002177a 4500 | ||
|---|---|---|---|
| 003 | OSt | ||
| 005 | 20170130192433.0 | ||
| 008 | 170130b xxu||||| |||| 00| 0 eng d | ||
| 020 | _a9780340889152 | ||
| 040 | _cDMLN | ||
| 082 | _aWS105 M66c 2006 | ||
| 100 |
_aMinett, Pamela _911469 |
||
| 245 | _aChild care & Development | ||
| 250 | _a5th ed. | ||
| 260 | _aLondon; Arnold, 2005 | ||
| 300 | _ax,366p; col.ill: 27.5cm | ||
| 504 | _aIndex included | ||
| 650 |
_aChild care _98841 |
||
| 650 |
_aSocialisation _95712 |
||
| 942 |
_2z _cO_SHELF |
||
| 999 |
_c5496 _d5496 |
||